[Event "LTU-chT"]
[Site "Lithuania"]
[Date "2019.04.28"]
[Round "7.10"]
[White "Feofanov, Boris"]
[Black "Shalabayev, Syrym"]
[Result "1-0"]
[WhiteElo "1671"]
[BlackElo "1775"]
[PlyCount "50"]
[EventDate "2019.01.26"]
[EventType "team-swiss"]
[EventRounds "7"]
[EventCountry "LTU"]
[SourceTitle "CBM 190 Extra"]
[Source "ChessBase"]
[SourceDate "2019.07.15"]
[SourceVersion "1"]
[SourceVersionDate "2019.07.15"]
[SourceQuality "1"]
[WhiteTeam "Vilnius Pasaku II"]
[BlackTeam "Vilnius Pasaku"]
[WhiteTeamCountry "LTU"]
[BlackTeamCountry "LTU"]

1. d4 b6 2. Nf3 Bb7 3. g3 d6 4. Bg2 Nd7 5. 0-0 e6 6. c4 Be7 7. Nc3 g5 8. e4 h5 9. b3 Nf8 10. Bb2 Ng6 11. Qc2 Nh6 12. c5 0-0 13. b4 f5 14. Qb3 d5 15. exd5 Bxd5 16. Nxd5 Qxd5 17. Qd1 Qd8 18. Qe2 Rb8 19. Qxe6+ Kh7 20. Qe2 Bf6 21. Rad1 Re8 22. Qc2 Qe7 23. Rfe1 Qf7 24. Rxe8 Rxe8 25. d5 Bxb2 1-0

[Event "LTU-chT"]
[Site "Lithuania"]
[Date "2018.01.28"]
[Round "2.4"]
[White "Povilaitis, Tomas"]
[Black "Feofanov, Boris"]
[Result "1/2-1/2"]
[WhiteElo "1722"]
[BlackElo "1688"]
[PlyCount "123"]
[EventDate "2018.01.27"]
[EventType "team-swiss"]
[EventRounds "7"]
[EventCountry "LTU"]
[SourceTitle "EXT 2019"]
[Source "ChessBase"]
[SourceDate "2018.10.10"]
[SourceVersion "1"]
[SourceVersionDate "2018.10.10"]
[SourceQuality "1"]
[WhiteTeam "Siauliai SISZK"]
[BlackTeam "Vilnius Pasaku II"]
[WhiteTeamCountry "LTU"]
[BlackTeamCountry "LTU"]

1. e4 d5 2. Nc3 d4 3. Nce2 e5 4. d3 Bg4 5. f3 Bh5 6. Ng3 Bg6 7. f4 exf4 8. Bxf4 Bb4+ 9. Bd2 Nc6 10. Bxb4 Nxb4 11. Qd2 c5 12. Be2 h5 13. a3 Nc6 14. Qf4 Qa5+ 15. Qd2 Qc7 16. Nh3 Nf6 17. 0-0 0-0-0 18. Qf4 Ne5 19. b4 Nfg4 20. Nf5 f6 21. bxc5 Bxf5 22. Qxf5+ Kb8 23. Bxg4 hxg4 24. Nf4 Qf7 25. Ne6 Qd7 26. Nxd8 Qxd8 27. Qe6 Rh6 28. Qd6+ Qxd6 29. cxd6 Kc8 30. Rab1 b6 31. a4 Nc6 32. Rf4 Rg6 33. Rc1 Kd7 34. Kf2 Kxd6 35. Ke2 Ne5 36. c3 dxc3 37. Rxc3 Rh6 38. d4 Nc6 39. Ke3 Rxh2 40. Rxg4 g5 41. Rc1 Rh5 42. Rg3 Rh8 43. Rf3 Rh6 44. Rf5 Ne7 45. Rf3 Ke6 46. d5+ Kd6 47. Kd4 Kd7 48. a5 f5 49. axb6 axb6 50. Ra1 Rh4 51. Re3 Kd6 52. Rb1 Nxd5 53. Ree1 fxe4 54. Rh1 e3+ 55. Rxh4 gxh4 56. Rb5 Nf4 57. Rxb6+ Ke7 58. Rb1 Nxg2 59. Kd3 Kf6 60. Rg1 h3 61. Rh1 Kf5 62. Rxh3 1/2-1/2

[Event "LTU-ch"]
[Site "Vilnius"]
[Date "2017.02.26"]
[Round "3"]
[White "Skietrys, Eugenijus"]
[Black "Feofanov, Boris"]
[Result "1-0"]
[WhiteElo "1442"]
[BlackElo "1711"]
[PlyCount "129"]
[EventDate "2017.02.25"]
[EventType "swiss"]
[EventRounds "9"]
[EventCountry "LTU"]
[SourceTitle "CBM 177 Extra"]
[Source "ChessBase"]
[SourceDate "2017.04.27"]
[SourceVersion "1"]
[SourceVersionDate "2017.04.27"]
[SourceQuality "1"]

1. e4 d5 2. exd5 Qxd5 3. Nc3 Qd6 4. d4 Nf6 5. h3 c6 6. Nf3 Bf5 7. Bc4 e6 8. 0-0 Be7 9. Ne2 0-0 10. Bf4 Qd8 11. Ng3 Bg6 12. Ne5 Nbd7 13. Nxg6 hxg6 14. c3 Nb6 15. Bb3 Nbd5 16. Bg5 Qc7 17. Re1 Rfd8 18. Rc1 Rd7 19. h4 Qd8 20. Qf3 Rc8 21. Bxf6 Nxf6 22. h5 gxh5 23. Nxh5 Nxh5 24. Qxh5 g6 25. Qh3 Rd6 26. Re2 Bf6 27. Rce1 Qd7 28. Rxe6 fxe6 29. Rxe6 Kg7 30. Rxd6 Qxh3 31. gxh3 Rc7 32. Be6 Bg5 33. c4 Bf6 34. b3 b6 35. Kf1 Kf8 36. Bg4 Ke7 37. Re6+ Kf7 38. Re4 a5 39. d5 cxd5 40. Be6+ Kg7 41. Bxd5 Be7 42. Re6 Bc5 43. f3 Kh6 44. Be4 Rg7 45. Ke2 Kh5 46. Re8 Kg5 47. Re6 Rg8 48. Kf1 Rg7 49. Kg2 Kh5 50. Kg3 Rg8 51. h4 Kh6 52. Kg4 Kh7 53. h5 Rd8 54. hxg6+ Kg7 55. Bd5 Rh8 56. f4 Rh2 57. Kg5 Rh3 58. Re8 Rg3+ 59. Kf5 Bf8 60. Bf7 Rd3 61. Re2 Rh3 62. Ke6 Kh6 63. f5 Rd3 64. f6 Rd6+ 65. Kf5 1-0

[Event "LTU-ch"]
[Site "Vilnius"]
[Date "2017.02.25"]
[Round "1"]
[White "Brazdzionis, Andrius"]
[Black "Feofanov, Boris"]
[Result "1-0"]
[WhiteElo "2288"]
[BlackElo "1711"]
[PlyCount "41"]
[EventDate "2017.02.25"]
[EventType "swiss"]
[EventRounds "9"]
[EventCountry "LTU"]
[SourceTitle "CBM 177 Extra"]
[Source "ChessBase"]
[SourceDate "2017.04.27"]
[SourceVersion "1"]
[SourceVersionDate "2017.04.27"]
[SourceQuality "1"]

1. d4 Nf6 2. Nf3 e6 3. c4 b6 4. a3 Bb7 5. Nc3 d6 6. Qc2 Nbd7 7. e4 Be7 8. Bf4 a6 9. 0-0-0 0-0 10. Bd3 g6 11. h4 d5 12. cxd5 exd5 13. e5 Nh5 14. Bh6 Ng7 15. h5 c5 16. hxg6 cxd4 17. gxf7+ Rxf7 18. Bxh7+ Kf8 19. Rxd4 Rxf3 20. Bxg7+ Kxg7 21. Qg6+ 1-0

[Event "WchT Amateur"]
[Site "Kaunas"]
[Date "2016.11.25"]
[Round "6.4"]
[White "Feofanov, Boris"]
[Black "Stremavicius, Pijus"]
[Result "1/2-1/2"]
[WhiteElo "1719"]
[BlackElo "1727"]
[PlyCount "52"]
[EventDate "2016.11.20"]
[EventType "team-swiss"]
[EventRounds "9"]
[EventCountry "LTU"]
[SourceTitle "CBM 175 Extra"]
[Source "ChessBase"]
[SourceDate "2016.12.12"]
[SourceVersion "1"]
[SourceVersionDate "2016.12.12"]
[SourceQuality "1"]
[WhiteTeam "Lithuania Vilnius"]
[BlackTeam "Lithuania Standartas"]
[WhiteTeamCountry "LTU"]
[BlackTeamCountry "LTU"]

1. d4 Nf6 2. Nf3 e6 3. g3 b6 4. Bg2 Bb7 5. 0-0 Be7 6. c4 0-0 7. Nc3 Ne4 8. Qc2 Nxc3 9. bxc3 Nc6 10. e4 Ba6 11. Qa4 Na5 12. Nd2 Rc8 13. Re1 c5 14. d5 e5 15. Bf1 d6 16. Nb3 Qe8 17. Qxe8 Rcxe8 18. Nxa5 bxa5 19. Bd2 Bd8 20. a4 f5 21. exf5 Rxf5 22. f4 e4 23. Bh3 Rf6 24. Bd7 Re7 25. Bb5 Bc8 26. Rab1 Bb6 1/2-1/2

[Event "LTU-ch sf"]
[Site "Vilnius"]
[Date "2015.02.18"]
[Round "1"]
[White "Martinkus, Rolandas"]
[Black "Feofanov, Boris"]
[Result "1/2-1/2"]
[WhiteElo "2140"]
[BlackElo "1707"]
[PlyCount "146"]
[EventDate "2015.02.18"]
[EventType "swiss"]
[EventRounds "8"]
[EventCountry "LTU"]
[SourceTitle "CBM 165 Extra"]
[Source "ChessBase"]
[SourceDate "2015.04.21"]
[SourceVersion "1"]
[SourceVersionDate "2015.04.21"]
[SourceQuality "1"]

1. e4 d5 2. exd5 Qxd5 3. Nc3 Qd6 4. g3 Nf6 5. Bg2 c6 6. d4 Bf5 7. a3 e6 8. Bf4 Qd8 9. h3 Bd6 10. Nge2 Bxf4 11. Nxf4 h6 12. Qd2 Nbd7 13. 0-0-0 Nb6 14. Rhe1 0-0 15. g4 Bh7 16. Bf1 Nbd5 17. Ng2 Nxc3 18. Qxc3 Nd5 19. Qd2 Rc8 20. Bd3 Bxd3 21. Qxd3 c5 22. dxc5 Rxc5 23. Ne3 Qg5 24. Kb1 Rfc8 25. Nxd5 Rxd5 26. Qe3 Qxe3 27. fxe3 Rcd8 28. Rxd5 Rxd5 29. c4 Rd6 30. Kc2 Kf8 31. Kc3 Ke7 32. Rf1 f6 33. c5 Rd5 34. b4 h5 35. e4 Re5 36. Kd4 hxg4 37. hxg4 Rg5 38. Rg1 Kd7 39. Ke3 Rg6 40. e5 Rh6 41. Rg3 Rh1 42. exf6 gxf6 43. Kd4 Kc6 44. Kc4 Rc1+ 45. Kb3 Rh1 46. Rf3 Rh6 47. Rd3 e5 48. Rd6+ Kc7 49. Kc4 Rh4 50. Rxf6 Rxg4+ 51. Kd5 e4 52. Rf7+ Kc8 53. Re7 Rg3 54. a4 e3 55. b5 Rg5+ 56. Kc4 Rg4+ 57. Kb3 Rg3 58. Kb4 Kd8 59. Re4 Kd7 60. a5 Rh3 61. Kc4 Rg3 62. Kd4 Rh3 63. Rxe3 Rh1 64. Rf3 Ke6 65. Rg3 Rh4+ 66. Kd3 Kd5 67. Rg5+ Ke6 68. Rg7 Kd5 69. b6 axb6 70. cxb6 Kc6 71. Rc7+ Kb5 72. Rxb7 Kxa5 73. Rb8 Ka6 1/2-1/2

[Event "Baltic Amateur op"]
[Site "Vilnius"]
[Date "2014.03.11"]
[Round "5"]
[White "Feofanov, Boris"]
[Black "Misiuk, Karolina"]
[Result "0-1"]
[WhiteElo "1842"]
[BlackElo "1439"]
[PlyCount "98"]
[EventDate "2014.03.09"]
[EventType "swiss"]
[EventRounds "5"]
[EventCountry "LTU"]
[SourceTitle "CBM 159 Extra"]
[Source "ChessBase"]
[SourceDate "2014.04.24"]
[SourceVersion "1"]
[SourceVersionDate "2014.04.24"]
[SourceQuality "1"]

1. c4 Nf6 2. Nc3 d5 3. d4 g6 4. cxd5 Nxd5 5. e4 Nxc3 6. bxc3 Bg7 7. Nf3 c5 8. Be2 Bg4 9. Be3 cxd4 10. cxd4 Nc6 11. e5 0-0 12. 0-0 Nb4 13. h3 Be6 14. a3 Nc6 15. Qd2 Bd5 16. Rfd1 Qa5 17. Qb2 Rfd8 18. Rac1 Rd7 19. Ne1 Rad8 20. Nd3 b6 21. Nf4 Rc7 22. Bd2 Qa4 23. Nxd5 Rxd5 24. Be3 e6 25. Bc4 Ra5 26. Qe2 Qxa3 27. Rd3 Qe7 28. Rdc3 Ra3 29. Qb2 Rxc3 30. Rxc3 Qb4 31. Qxb4 Nxb4 32. Bd2 Nd5 33. Bxd5 Rxc3 34. Bxc3 exd5 35. Kf1 Kf8 36. Ke2 Ke7 37. f4 h6 38. g4 Ke6 39. h4 Bf8 40. Kf3 a5 41. h5 gxh5 42. f5+ Kd7 43. gxh5 a4 44. Ke2 b5 45. Kd3 b4 46. Bd2 b3 47. Bf4 a3 48. Kc3 a2 49. Kb2 Bb4 0-1

[Event "LTU-chT"]
[Site "Lithuania"]
[Date "2014.01.26"]
[Round "2.5"]
[White "Zirnovas, Martynas"]
[Black "Feofanov, Boris"]
[Result "0-1"]
[WhiteElo "1879"]
[BlackElo "1842"]
[PlyCount "98"]
[EventDate "2014.01.25"]
[EventType "team-swiss"]
[EventRounds "7"]
[EventCountry "LTU"]
[SourceTitle "CBM 158 Extra"]
[Source "ChessBase"]
[SourceDate "2014.02.28"]
[SourceVersion "1"]
[SourceVersionDate "2014.02.28"]
[SourceQuality "1"]
[WhiteTeam "Klaipeda SSK"]
[BlackTeam "Vilnius Fortas"]
[WhiteTeamCountry "LTU"]
[BlackTeamCountry "LTU"]

1. e4 d5 2. exd5 Qxd5 3. Nc3 Qd6 4. d4 Nf6 5. Nge2 c6 6. Bf4 Qd8 7. Qd2 Bf5 8. Ng3 Bg6 9. h4 h6 10. Bd3 Bxd3 11. Qxd3 e6 12. 0-0-0 Nbd7 13. Kb1 Nb6 14. Nge4 Nbd5 15. Bd2 Be7 16. f3 Nxc3+ 17. Nxc3 Qc7 18. g4 0-0-0 19. g5 hxg5 20. hxg5 Nd5 21. Nxd5 cxd5 22. g6 fxg6 23. Qxg6 Bf6 24. Qg4 Qf7 25. Be3 g6 26. Bf2 Rxh1 27. Rxh1 Rh8 28. Re1 Kd7 29. c4 Rh5 30. c5 Bh8 31. Qg3 Qf5+ 32. Ka1 e5 33. a3 Rh3 34. Rxe5 Bxe5 35. Qxe5 Qxe5 36. dxe5 Rxf3 37. Bd4 Rd3 38. c6+ Kxc6 39. Bxa7 g5 40. Kb1 Rd1+ 41. Kc2 Re1 42. Bd4 Re4 43. Kd3 g4 44. a4 g3 45. b4 Rxd4+ 46. Kxd4 g2 47. b5+ Kd7 48. Kxd5 g1Q 49. e6+ Ke7 0-1

[Event "LTU-chT"]
[Site "Lithuania"]
[Date "2014.01.25"]
[Round "1.5"]
[White "Feofanov, Boris"]
[Black "Steponavicius, Stasys"]
[Result "0-1"]
[WhiteElo "1842"]
[BlackElo "2191"]
[PlyCount "100"]
[EventDate "2014.01.25"]
[EventType "team-swiss"]
[EventRounds "7"]
[EventCountry "LTU"]
[SourceTitle "CBM 158 Extra"]
[Source "ChessBase"]
[SourceDate "2014.02.28"]
[SourceVersion "1"]
[SourceVersionDate "2014.02.28"]
[SourceQuality "1"]
[WhiteTeam "Vilnius Fortas"]
[BlackTeam "Kaunas Margiris"]
[WhiteTeamCountry "LTU"]
[BlackTeamCountry "LTU"]

1. d4 Nf6 2. c4 e6 3. Nf3 b6 4. g3 Bb7 5. Bg2 g6 6. 0-0 Bg7 7. Nc3 0-0 8. Re1 d6 9. e4 h6 10. h3 Nbd7 11. Nh2 e5 12. Be3 Re8 13. Qd2 Kh7 14. Rad1 Qe7 15. Nd5 Nxd5 16. exd5 Qf8 17. f4 exf4 18. Bxf4 Rxe1+ 19. Rxe1 Re8 20. Nf3 f5 21. Re6 Nf6 22. Qd3 Bc8 23. Re1 Nh5 24. Kh2 Nxf4 25. gxf4 Bd7 26. b4 Rxe1 27. Nxe1 Qf6 28. Nf3 g5 29. fxg5 hxg5 30. c5 Kg8 31. c6 Bc8 32. Qe3 g4 33. Ng5 f4 34. Qe8+ Qf8 35. Qh5 g3+ 36. Kh1 Bf5 37. Ne6 Qf6 38. Qe8+ Kh7 39. Qh5+ Kg8 40. Qe8+ Bf8 41. Nxc7 f3 42. Bxf3 Bg4 43. Bg2 Bxh3 44. Qe2 Bf5 45. Ne6 Qh6+ 46. Kg1 Qc1+ 47. Bf1 Bh3 48. Qf3 Bg7 49. Nxg7 g2 50. Qxh3 Qxf1+ 0-1